书目信息 |
| 题名: |
军阀混战
|
|
| 作者: | 蔡东藩, 著 | |
| 分册: | ||
| 出版信息: | 沈阳 万卷出版公司 2015.01 |
|
| 页数: | 276页 | |
| 开本: | 24cm | |
| 丛书名: | 历朝通俗演义 | |
| 单 册: | ||
| 中图分类: | I246.43 | |
| 科图分类: | ||
| 主题词: | 讲史小说--jiang shi xiao shuo--中国--现代 , 章回小说--zhang hui xiao shuo--中国--现代 , 长篇小说--chang pian xiao shuo--中国--现代 | |
| 电子资源: | ||
| ISBN: | 978-7-5470-3120-9 | |
| 000 | 01120nam 2200301 450 | |
| 001 | 0100195355 | |
| 005 | 20201116103210.81 | |
| 010 | @a978-7-5470-3120-9@dCNY42.00 | |
| 100 | @a20141204d2015 em y0chiy50 ea | |
| 101 | 0 | @achi |
| 102 | @aCN@b210000 | |
| 105 | @aa z 000ay | |
| 106 | @ar | |
| 200 | 1 | @a军阀混战@Ajun fa hun zhan@f蔡东藩著@Fcai dong fan zhu |
| 210 | @a沈阳@c万卷出版公司@d2015.01 | |
| 215 | @a276页@c图@d24cm | |
| 225 | 2 | @a历朝通俗演义@Ali chao tong su yan yi@e插图版@i民国演义@v3 |
| 330 | @a却说国务总理段祺瑞, 主张绝德, 黎总统不肯照允, 他遂负气退出, 竟往天津, 且遣人赍呈辞职书。黎总统未免惊惶, 当即派员挽留。不意教育总长兼署内务总长范源濂, 也居然送入辞职书来…… | |
| 410 | 0 | @12001 @a历朝通俗演义 (插图版)@i民国演义@v3 |
| 540 | @a军阀混战 | |
| 606 | 0 | @a讲史小说@Ajiang shi xiao shuo@y中国@z现代 |
| 606 | 0 | @a章回小说@Azhang hui xiao shuo@y中国@z现代 |
| 606 | 0 | @a长篇小说@Achang pian xiao shuo@y中国@z现代 |
| 690 | @aI246.43@v5 | |
| 701 | 0 | @a蔡东藩,@Acai dong fan@f1877-1945@4著 |
| 801 | @aCN | |
| 901 | @a19 | |
| 905 | @a河南城建学院图书馆@b1274961-3@dI246.43@eC021@f3 | |
| 军阀混战/蔡东藩著.-沈阳:万卷出版公司,2015.01 |
| 276页:图;24cm.-(历朝通俗演义:插图版.民国演义;3) |
| ISBN 978-7-5470-3120-9:CNY42.00 |
| 却说国务总理段祺瑞, 主张绝德, 黎总统不肯照允, 他遂负气退出, 竟往天津, 且遣人赍呈辞职书。黎总统未免惊惶, 当即派员挽留。不意教育总长兼署内务总长范源濂, 也居然送入辞职书来…… |
| ● |
| 相关链接 |
|
|
|
正题名:军阀混战
索取号:I246.43/C021
 
预约/预借
| 序号 | 登录号 | 条形码 | 馆藏地/架位号 | 状态 | 备注 |
| 1 | 1274961 | 212749612 | 文学库108/108文学库 24排2列3层/ [索取号:I246.43/C021] | 在馆 | |
| 2 | 1274962 | 212749629 | 文学库108/108文学库 24排1列2层/ [索取号:I246.43/C021] | 在馆 | |
| 3 | 1274963 | 212749636 | 文学库108/108文学库 24排1列2层/ [索取号:I246.43/C021] | 在馆 |